000 00289nam a22001337a 4500
082 _a894.812.3
_bROY/E
100 _aROY, K.N
245 _aERULUM VELICHAVUM
260 _aKOCHI
_bHARVEST PUBLISHING & MARKETTING
_c1992
300 _a170
520 _aNOVEL
650 _aNOVEL
942 _cBK
999 _c5507
_d5507